[Event "GBR-ch90"]
[Site "Edinburgh"]
[Date "2003.07.29"]
[Round "8.28"]
[White "Woodward, Timothy"]
[Black "Nixon, Thomas"]
[Result "1-0"]
[WhiteElo "2285"]
[BlackElo "2226"]
[PlyCount "125"]
[EventDate "2003.07.21"]
[EventType "swiss"]
[EventRounds "11"]
[EventCountry "GBR"]
[SourceTitle "BritBase"]
[Source "John Saunders"]
[SourceDate "2008.07.14"]
[SourceVersion "1"]
[SourceVersionDate "2008.07.14"]
[SourceQuality "2"]

1. d4 Nf6 2. c4 e6 3. Nc3 Bb4 4. Qc2 Nc6 5. Nf3 d6 6. e4 e5 7. d5 Bxc3+ 8. Qxc3
Nb8 9. Bd3 Nbd7 10. Be3 b6 11. b4 O-O 12. O-O Ne8 13. c5 Qe7 14. cxd6 cxd6 15.
Nd2 g6 16. Bh6 Ng7 17. Bxg7 Kxg7 18. Qc7 Re8 19. Bb5 Nb8 20. Qxe7 Rxe7 21. Nc4
Bd7 22. Nxd6 Bxb5 23. Nxb5 a6 24. Na3 a5 25. bxa5 Rxa5 26. Nc4 Ra4 27. Nxb6
Rxe4 28. a4 Ra7 29. a5 Rd4 30. g3 Nd7 31. Nxd7 Rxd7 32. a6 Ra7 33. Ra5 Kf6 34.
Rb1 Ke7 35. Rb6 h5 36. h4 Rd3 37. Rab5 Kf8 38. Ra5 Ke7 39. Kg2 e4 40. Rb4 Kd6
41. Rxe4 Rxd5 42. Rxd5+ Kxd5 43. Ra4 Ke5 44. Kf3 Kf5 45. Ra5+ Ke6 46. Kf4 Kf6
47. Ra2 Ke6 48. Ke4 Kd6 49. Kd4 f6 50. Ke4 Ke6 51. Kf4 Kf7 52. Ra5 Ke6 53. f3
Kf7 54. Ra4 Ke6 55. Ra3 Kf7 56. Ra5 Ke6 57. g4 Ke7 58. gxh5 gxh5 59. Kf5 Kf7
60. Ra4 Ke7 61. Kg6 Ke6 62. Kxh5 Kf5 63. Ra5+ 1-0

[Event "GBR-ch90"]
[Site "Edinburgh"]
[Date "2003.07.29"]
[Round "8.29"]
[White "Barua, Dibyendu"]
[Black "Moore, Gerald"]
[Result "1-0"]
[WhiteElo "2561"]
[BlackElo "2252"]
[PlyCount "51"]
[EventDate "2003.07.21"]
[EventType "swiss"]
[EventRounds "11"]
[EventCountry "GBR"]
[SourceTitle "BritBase"]
[Source "John Saunders"]
[SourceDate "2008.07.14"]
[SourceVersion "1"]
[SourceVersionDate "2008.07.14"]
[SourceQuality "2"]

1. e4 c5 2. Nf3 Nc6 3. d4 cxd4 4. Nxd4 g6 5. c4 Bg7 6. Be3 Nf6 7. Nc3 d6 8. Be2
O-O 9. O-O Bd7 10. Nc2 Ne8 11. Qd2 Qa5 12. Rab1 Bxc3 13. bxc3 Qc7 14. Nb4 Be6
15. Nd5 Bxd5 16. cxd5 Ne5 17. Bd4 f6 18. f4 Nf7 19. h4 Ng7 20. h5 Nxh5 21. Bxh5
gxh5 22. Qe2 Nh8 23. Qxh5 Ng6 24. Rf3 Rf7 25. Rg3 Rg7 26. Qh6 1-0

[Event "GBR-ch90"]
[Site "Edinburgh"]
[Date "2003.07.29"]
[Round "8.30"]
[White "Lee, Graham D"]
[Black "Ashton, Adam"]
[Result "1/2-1/2"]
[WhiteElo "2360"]
[BlackElo "2234"]
[PlyCount "119"]
[EventDate "2003.07.21"]
[EventType "swiss"]
[EventRounds "11"]
[EventCountry "GBR"]
[SourceTitle "BritBase"]
[Source "John Saunders"]
[SourceDate "2008.07.14"]
[SourceVersion "1"]
[SourceVersionDate "2008.07.14"]
[SourceQuality "2"]

1. e4 e5 2. Nf3 Nc6 3. Bc4 Nf6 4. Ng5 d5 5. exd5 Na5 6. Bb5+ c6 7. dxc6 bxc6 8.
Be2 h6 9. Nf3 e4 10. Ne5 Bc5 11. c3 O-O 12. d4 exd3 13. Nxd3 Bd6 14. Bf4 Bf5
15. Bxd6 Qxd6 16. Nc1 Qc7 17. O-O Rfe8 18. Qa4 Re4 19. b4 Nc4 20. Bf3 Rh4 21.
g3 Be4 22. Bxe4 Rxe4 23. Nb3 Rd8 24. Nd4 Rd6 25. Qb3 Rdxd4 26. cxd4 Rxd4 27.
Rd1 Qe5 28. Rxd4 Qxd4 29. Qc3 Qd1+ 30. Kg2 Qd5+ 31. Qf3 Ne4 32. Na3 Ncd2 33.
Rd1 Nxf3 34. Rxd5 cxd5 35. Kxf3 Nc3 36. Ke3 Nxa2 37. b5 Kf8 38. Kd4 Ke7 39.
Kxd5 Kd7 40. Nc4 Nc3+ 41. Kc5 Kc7 42. f4 h5 43. Ne5 Ne4+ 44. Kb4 Nd6 45. Ka5
Kb7 46. Nc6 Nc4+ 47. Kb4 Nd6 48. Kc5 Ne4+ 49. Kd5 Nf6+ 50. Kd6 Ne4+ 51. Ke7 f6
52. f5 Kb6 53. Kf7 Nd6+ 54. Kg6 a6 55. bxa6 Kxc6 56. Kxh5 Nxf5 57. Kg6 Ne3 58.
h3 Nf1 59. g4 Ne3 60. Kxg7 1/2-1/2

[Event "GBR-ch90"]
[Site "Edinburgh"]
[Date "2003.07.29"]
[Round "8.31"]
[White "Mohota, Nisha"]
[Black "Jackson, Adrian"]
[Result "1/2-1/2"]
[WhiteElo "2321"]
[BlackElo "2228"]
[PlyCount "81"]
[EventDate "2003.07.21"]
[EventType "swiss"]
[EventRounds "11"]
[EventCountry "GBR"]
[SourceTitle "BritBase"]
[Source "John Saunders"]
[SourceDate "2008.07.14"]
[SourceVersion "1"]
[SourceVersionDate "2008.07.14"]
[SourceQuality "2"]

1. d4 Nf6 2. c4 e6 3. Nc3 Bb4 4. e3 b6 5. Nge2 Ba6 6. a3 Be7 7. Nf4 d5 8. cxd5
Bxf1 9. Kxf1 Nxd5 10. Ncxd5 exd5 11. Qh5 Bg5 12. Ne6 g6 13. Qxg5 fxe6 14. Qe5
Kd7 15. Bd2 Nc6 16. Qg3 Kc8 17. Rc1 Kb7 18. Ke2 Qd7 19. Rc2 Ne7 20. Rhc1 Rhc8
21. Qe5 Nf5 22. f3 a5 23. Kf2 Nd6 24. Qg5 Nc4 25. Kg1 Nxd2 26. Rxd2 Rf8 27. e4
dxe4 28. fxe4 Rf7 29. h3 Raf8 30. d5 exd5 31. exd5 Rf5 32. Qg3 R8f6 33. Rcd1
Rd6 34. Qg4 Rf7 35. Qc4 Qf5 36. b4 Qf4 37. Qc3 a4 38. b5 Re7 39. Rd4 Qe3+ 40.
Qxe3 Rxe3 41. R1d3 1/2-1/2

[Event "GBR-ch90"]
[Site "Edinburgh"]
[Date "2003.07.29"]
[Round "8.32"]
[White "Ramaswamy, Aarthie"]
[Black "Dignam, Matthew P"]
[Result "1-0"]
[WhiteElo "2316"]
[BlackElo "2124"]
[PlyCount "59"]
[EventDate "2003.07.21"]
[EventType "swiss"]
[EventRounds "11"]
[EventCountry "GBR"]
[SourceTitle "BritBase"]
[Source "John Saunders"]
[SourceDate "2008.07.14"]
[SourceVersion "1"]
[SourceVersionDate "2008.07.14"]
[SourceQuality "2"]

1. e4 e6 2. d4 d5 3. Nd2 Nf6 4. e5 Nfd7 5. c3 c5 6. Bd3 Nc6 7. Ngf3 Qb6 8. O-O
cxd4 9. cxd4 g6 10. Nb3 Bg7 11. Be3 O-O 12. Ng5 Qd8 13. h4 Nb6 14. h5 Nc4 15.
Nxh7 Nxb2 16. Qe2 Nxd3 17. Nxf8 Ndb4 18. Nxg6 fxg6 19. a3 Na6 20. hxg6 Qe8 21.
Qh5 Ne7 22. Qh7+ Kf8 23. Bg5 Nxg6 24. Rac1 Nh8 25. Rc3 Qg6 26. Rf3+ Ke8 27.
Qg8+ Kd7 28. Qd8+ Kc6 29. Rc1+ Kb5 30. Qa5# 1-0

[Event "GBR-ch90"]
[Site "Edinburgh"]
[Date "2003.07.29"]
[Round "8.33"]
[White "Williams, Samuel G"]
[Black "Muir, Andrew J"]
[Result "1-0"]
[WhiteElo "2150"]
[BlackElo "2316"]
[PlyCount "63"]
[EventDate "2003.07.21"]
[EventType "swiss"]
[EventRounds "11"]
[EventCountry "GBR"]
[SourceTitle "BritBase"]
[Source "John Saunders"]
[SourceDate "2008.07.14"]
[SourceVersion "1"]
[SourceVersionDate "2008.07.14"]
[SourceQuality "2"]

1. e4 c5 2. Nc3 e6 3. Nf3 d6 4. Bc4 Nc6 5. O-O Nf6 6. d3 Be7 7. Bf4 O-O 8. e5
dxe5 9. Nxe5 Nxe5 10. Bxe5 Bd6 11. Bxf6 Qxf6 12. Ne4 Qe5 13. f4 Qd4+ 14. Kh1
Be7 15. c3 Qd7 16. a4 b6 17. Qh5 Bb7 18. Rf3 a6 19. Rg3 Bxe4 20. dxe4 Rfd8 21.
f5 Bd6 22. fxe6 fxe6 23. e5 Bf8 24. Rh3 h6 25. Qg4 Kh8 26. Bxe6 Qd2 27. Rf1 g5
28. Qf5 Bg7 29. Qg6 g4 30. Bf5 Kg8 31. Qh7+ Kf8 32. Bxg4+ 1-0

[Event "GBR-ch90"]
[Site "Edinburgh"]
[Date "2003.07.29"]
[Round "8.34"]
[White "Bigg, Andrew J"]
[Black "Gordon, Stephen J"]
[Result "1/2-1/2"]
[WhiteElo "2287"]
[BlackElo "2216"]
[PlyCount "28"]
[EventDate "2003.07.21"]
[EventType "swiss"]
[EventRounds "11"]
[EventCountry "GBR"]
[SourceTitle "BritBase"]
[Source "John Saunders"]
[SourceDate "2008.07.14"]
[SourceVersion "1"]
[SourceVersionDate "2008.07.14"]
[SourceQuality "2"]

1. d4 Nf6 2. Nf3 e6 3. e3 c5 4. Bd3 Nc6 5. O-O d5 6. b3 Bd6 7. Bb2 a6 8. Nbd2
O-O 9. a3 Qe7 10. Ne5 Nd7 11. f4 f6 12. Nxc6 bxc6 13. Qh5 f5 14. Nf3 cxd4
1/2-1/2

[Event "GBR-ch90"]
[Site "Edinburgh"]
[Date "2003.07.29"]
[Round "8.35"]
[White "Munson, Shaun D"]
[Black "Ahmed, Sk. Nasir"]
[Result "1-0"]
[WhiteElo "2112"]
[BlackElo "2283"]
[PlyCount "125"]
[EventDate "2003.07.21"]
[EventType "swiss"]
[EventRounds "11"]
[EventCountry "GBR"]
[SourceTitle "BritBase"]
[Source "John Saunders"]
[SourceDate "2008.07.14"]
[SourceVersion "1"]
[SourceVersionDate "2008.07.14"]
[SourceQuality "2"]

1. d4 Nf6 2. Nf3 e6 3. e3 c5 4. Bd3 d5 5. b3 Nc6 6. O-O Bd6 7. Bb2 O-O 8. Nbd2
Qe7 9. Ne5 Nd7 10. f4 f6 11. Nxc6 bxc6 12. Qe2 e5 13. fxe5 fxe5 14. dxe5 Rxf1+
15. Rxf1 Nxe5 16. Nf3 Nxd3 17. Qxd3 Bg4 18. c4 dxc4 19. Qxc4+ Be6 20. Qe4 Re8
21. Qxc6 Bf7 22. e4 Bf4 23. e5 Rd8 24. Qe4 Bh6 25. Re1 Bd5 26. Qe2 Qe6 27. Bc3
Rf8 28. Rf1 Qg4 29. Kh1 Qh5 30. Qd3 Be6 31. Kg1 Bf4 32. Qe4 Bg4 33. h3 Be6 34.
Bd2 Bg3 35. Be3 Rc8 36. Ng5 Re8 37. Qc6 Qg6 38. Qxc5 Bf5 39. Qd5+ Be6 40. Nxe6
Rxe6 41. Qf3 h6 42. Bf4 Bh4 43. Bh2 Ra6 44. a4 Be7 45. Re1 Rb6 46. Bg3 Qc2 47.
e6 Qxb3 48. Qf7+ Kh7 49. Be5 Bc5+ 50. Kh1 Rb7 51. Qf5+ Kg8 52. Bxg7 Bb4 53. e7
Bxe7 54. Bxh6 Qg3 55. Rf1 Bd6 56. Bf4 Bxf4 57. Qxf4 Qg7 58. Rc1 Qd7 59. Qg5+
Kh7 60. Qh4+ Kg8 61. Rf1 Qd6 62. Qc4+ Kh8 63. Qc8+ 1-0

[Event "GBR-ch90"]
[Site "Edinburgh"]
[Date "2003.07.29"]
[Round "8.36"]
[White "Thomas, Nicholas"]
[Black "Gourlay, Iain"]
[Result "0-1"]
[WhiteElo "2281"]
[BlackElo "2284"]
[PlyCount "36"]
[EventDate "2003.07.21"]
[EventType "swiss"]
[EventRounds "11"]
[EventCountry "GBR"]
[SourceTitle "BritBase"]
[Source "John Saunders"]
[SourceDate "2008.07.14"]
[SourceVersion "1"]
[SourceVersionDate "2008.07.14"]
[SourceQuality "2"]

1. e4 c5 2. Nc3 Nc6 3. f4 g6 4. Nf3 Bg7 5. Bb5 Nd4 6. O-O e6 7. a4 Ne7 8. Nxd4
cxd4 9. Ne2 O-O 10. c3 a6 11. Bd3 Nc6 12. Rf3 d5 13. e5 f6 14. exf6 Bxf6 15.
Rf2 e5 16. fxe5 Nxe5 17. Qc2 Ng4 18. Rf1 Be5 0-1

[Event "GBR-ch90"]
[Site "Edinburgh"]
[Date "2003.07.29"]
[Round "8.38"]
[White "Radovanovic, Jovica"]
[Black "Goodger, Martyn"]
[Result "0-1"]
[WhiteElo "2239"]
[BlackElo "2114"]
[PlyCount "68"]
[EventDate "2003.07.21"]
[EventType "swiss"]
[EventRounds "11"]
[EventCountry "GBR"]
[SourceTitle "BritBase"]
[Source "John Saunders"]
[SourceDate "2008.07.14"]
[SourceVersion "1"]
[SourceVersionDate "2008.07.14"]
[SourceQuality "2"]

1. e4 e5 2. Nf3 Nf6 3. Nxe5 d6 4. Nf3 Nxe4 5. d4 d5 6. Bd3 Bd6 7. O-O O-O 8.
Re1 Bf5 9. c4 c6 10. Qb3 Na6 11. Bf1 dxc4 12. Bxc4 b5 13. Bf1 Nb4 14. a3 Nd5
15. Nbd2 Nef6 16. Ne5 Rc8 17. Ndf3 h6 18. g3 a6 19. Nh4 Be6 20. Qf3 Qb6 21. Be3
Nxe3 22. Qxe3 c5 23. dxc5 Bxc5 24. Qf4 Bd4 25. Nd3 g5 26. Qd2 gxh4 27. Qxh6
Bxf2+ 28. Kh1 Bd5+ 29. Bg2 Bxg2+ 30. Kxg2 Qc6+ 31. Kh3 Qd7+ 32. Kg2 h3+ 33. Kf1
Qxd3+ 34. Kxf2 Ng4+ 0-1

[Event "GBR-ch90"]
[Site "Edinburgh"]
[Date "2003.07.29"]
[Round "8.39"]
[White "Karavade, Eesha"]
[Black "Waters, Clive L"]
[Result "1-0"]
[WhiteElo "2218"]
[BlackElo "2111"]
[PlyCount "211"]
[EventDate "2003.07.21"]
[EventType "swiss"]
[EventRounds "11"]
[EventCountry "GBR"]
[SourceTitle "BritBase"]
[Source "John Saunders"]
[SourceDate "2008.07.14"]
[SourceVersion "1"]
[SourceVersionDate "2008.07.14"]
[SourceQuality "2"]

1. e4 e5 2. Nf3 Nc6 3. Bb5 a6 4. Ba4 Nf6 5. O-O Be7 6. Re1 b5 7. Bb3 d6 8. c3
O-O 9. h3 Na5 10. Bc2 c5 11. d4 Nd7 12. Nbd2 cxd4 13. cxd4 Nc6 14. Nb3 exd4 15.
Nbxd4 Nxd4 16. Nxd4 Ne5 17. b3 Bf6 18. Bb2 Qb6 19. Rb1 Ng6 20. Qd2 Be5 21. Nf5
Bb7 22. Qg5 Rac8 23. Bd3 Qa5 24. Bxe5 dxe5 25. h4 Qd8 26. Qg3 Rc3 27. Rbd1 Qf6
28. Re3 Nf4 29. Rde1 Kh8 30. Bb1 Rc7 31. Rc3 Rfc8 32. Rxc7 Rxc7 33. Ne3 Rc1 34.
Kf1 Rxe1+ 35. Kxe1 Qd6 36. Qf3 Qb4+ 37. Kf1 Bc8 38. Qd1 Qe7 39. g3 Bh3+ 40. Kg1
Ng6 41. Qd5 h5 42. Bd3 Kh7 43. Nf5 Qc7 44. Kh2 Bg4 45. Kg2 Qc3 46. Qxf7 Bxf5
47. exf5 Nxh4+ 48. gxh4 Qxd3 49. Qxh5+ Kg8 50. Qe8+ Kh7 51. Qxe5 Qc2 52. Qe6
Qc5 53. h5 Qb4 54. Kg3 Qc3+ 55. f3 Qd4 56. Qe2 Kh6 57. Kh3 Kh7 58. Qe4 Qf6 59.
Qe6 Qc3 60. Qe4 Kh8 61. Kg4 Qa1 62. Qe3 Qxa2 63. f6 Qg2+ 64. Kf5 Qc2+ 65. Qe4
Qc8+ 66. Kg6 gxf6 67. Qe7 Qc2+ 68. Kxf6 Qc6+ 69. Kg5 Qd5+ 70. Kg6 Qd3+ 71. Qe4
Qd6+ 72. Kg5 Qg3+ 73. Kf5 Qh3+ 74. Qg4 Qh1 75. Kg5 Qc1+ 76. f4 Qc3 77. Qe6 Qg3+
78. Kf5 Qh3+ 79. Kf6 Qh4+ 80. Kg6 Qg3+ 81. Kf5 Qh3+ 82. Ke5 Qxh5+ 83. Kd6 Qd1+
84. Kc6 Qf3+ 85. Kb6 Qxf4 86. Kxa6 b4 87. Ka5 Kg7 88. Qe7+ Kg8 89. Qxb4 Qe5+
90. Qb5 Qa1+ 91. Kb6 Kf8 92. b4 Ke7 93. Qc5+ Ke8 94. b5 Kd8 95. Qd6+ Ke8 96.
Kb7 Qg7+ 97. Kb8 Qa1 98. Qc7 Qa4 99. b6 Qa5 100. b7 Qa6 101. Qe5+ Kd7 102. Qd5+
Ke8 103. Kc7 Qa7 104. Qc6+ Ke7 105. Kc8 Qa5 106. Qc7+ 1-0

[Event "GBR-ch90"]
[Site "Edinburgh"]
[Date "2003.07.29"]
[Round "8.40"]
[White "McEwan, Ken B"]
[Black "Eggleston, Thomas"]
[Result "1/2-1/2"]
[WhiteElo "2190"]
[BlackElo "2040"]
[PlyCount "71"]
[EventDate "2003.07.21"]
[EventType "swiss"]
[EventRounds "11"]
[EventCountry "GBR"]
[SourceTitle "BritBase"]
[Source "John Saunders"]
[SourceDate "2008.07.14"]
[SourceVersion "1"]
[SourceVersionDate "2008.07.14"]
[SourceQuality "2"]

1. e4 e6 2. d4 d5 3. Nd2 Nf6 4. e5 Nfd7 5. Bd3 c5 6. c3 Nc6 7. Ne2 cxd4 8. cxd4
f6 9. exf6 Qxf6 10. Nf3 h6 11. O-O Bd6 12. Ng3 O-O 13. Bc2 Rd8 14. Re1 a5 15.
a3 b6 16. Be3 Ba6 17. Rc1 Rac8 18. Bb1 Rc7 19. Qd2 Qf7 20. Nh4 Nf8 21. f4 a4
22. Nf3 Na5 23. Rxc7 Qxc7 24. Ne5 Nb3 25. Qd1 Bxe5 26. fxe5 Qf7 27. Qg4 Kh8 28.
Nh5 Re8 29. Qh4 Na1 30. Nxg7 Kxg7 31. Bxh6+ Kg8 32. Qg5+ Kh8 33. Bxf8 Rxf8 34.
Qh4+ Kg8 35. Qg5+ Kh8 36. Qh4+ 1/2-1/2

[Event "GBR-ch90"]
[Site "Edinburgh"]
[Date "2003.07.29"]
[Round "8.41"]
[White "Lim Chin Lee"]
[Black "Meyer, Gordon"]
[Result "1-0"]
[WhiteElo "2119"]
[BlackElo "2175"]
[PlyCount "79"]
[EventDate "2003.07.21"]
[EventType "swiss"]
[EventRounds "11"]
[EventCountry "GBR"]
[SourceTitle "BritBase"]
[Source "John Saunders"]
[SourceDate "2008.07.14"]
[SourceVersion "1"]
[SourceVersionDate "2008.07.14"]
[SourceQuality "2"]

1. e4 c5 2. Nf3 d6 3. c4 Nc6 4. d4 cxd4 5. Nxd4 g6 6. Be2 Bg7 7. Nc2 Nf6 8. Nc3
O-O 9. O-O Be6 10. Rb1 Nd7 11. Be3 a5 12. Qd2 Re8 13. f4 f5 14. Rbd1 Rc8 15.
exf5 gxf5 16. Rf3 Nf6 17. Rg3 Kh8 18. b3 Bf7 19. Bf3 Rb8 20. Nd5 Ne4 21. Bxe4
fxe4 22. Nd4 e6 23. Nc3 Bg6 24. Ndb5 Qf6 25. Bb6 e5 26. Nd5 Qh4 27. Nxd6 Rf8
28. Rf1 Nd4 29. Rh3 Qg4 30. Ne7 Ne2+ 31. Kh1 Nxf4 32. Nxg6+ Qxg6 33. Rg3 Qh6
34. Rd1 Rf6 35. Bc7 Rbf8 36. Nxe4 R6f7 37. Bd6 Nh5 38. Bxf8 Nxg3+ 39. Nxg3 Qxd2
40. Bxg7+ 1-0

[Event "GBR-ch90"]
[Site "Edinburgh"]
[Date "2003.07.29"]
[Round "8.42"]
[White "Taylor, Robert M"]
[Black "Vujatovic, Rajko"]
[Result "1/2-1/2"]
[WhiteElo "2169"]
[BlackElo "2265"]
[PlyCount "32"]
[EventDate "2003.07.21"]
[EventType "swiss"]
[EventRounds "11"]
[EventCountry "GBR"]
[SourceTitle "BritBase"]
[Source "John Saunders"]
[SourceDate "2008.07.14"]
[SourceVersion "1"]
[SourceVersionDate "2008.07.14"]
[SourceQuality "2"]

1. e4 d5 2. exd5 Qxd5 3. Nf3 Nf6 4. d4 c6 5. Be2 Bg4 6. O-O e6 7. c4 Qd8 8. Qb3
Qb6 9. Qxb6 axb6 10. Nc3 Bb4 11. Bd2 Nbd7 12. h3 Bh5 13. a3 Bxc3 14. Bxc3 Ne4
15. Be1 Ng5 16. Kh2 Nxf3+ 1/2-1/2

[Event "GBR-ch90"]
[Site "Edinburgh"]
[Date "2003.07.29"]
[Round "8.43"]
[White "Coleman, James"]
[Black "Buckley, Melanie"]
[Result "1/2-1/2"]
[WhiteElo "2211"]
[BlackElo "2130"]
[PlyCount "91"]
[EventDate "2003.07.21"]
[EventType "swiss"]
[EventRounds "11"]
[EventCountry "GBR"]
[SourceTitle "BritBase"]
[Source "John Saunders"]
[SourceDate "2008.07.14"]
[SourceVersion "1"]
[SourceVersionDate "2008.07.14"]
[SourceQuality "2"]

1. d4 Nf6 2. Nf3 d5 3. c4 e6 4. Nc3 dxc4 5. e3 a6 6. a4 c5 7. Bxc4 Nc6 8. O-O
Be7 9. Qe2 cxd4 10. Rd1 e5 11. exd4 exd4 12. Nxd4 Nxd4 13. Qe5 O-O 14. Rxd4 Qb6
15. a5 Qc5 16. Bf4 Ng4 17. Qxc5 Bxc5 18. Rd2 Be6 19. Bxe6 fxe6 20. Bg3 Rad8 21.
Rad1 Rxd2 22. Rxd2 Nf6 23. Bc7 Rc8 24. Rd8+ Rxd8 25. Bxd8 Kf7 26. Kf1 Ke8 27.
Bxf6 gxf6 28. Ne4 Be7 29. Ke2 Kd7 30. Kd3 f5 31. Nd2 Bf6 32. b3 Kc6 33. Kc4 Bd8
34. b4 b5+ 35. axb6 Bxb6 36. f3 h5 37. Nb3 Bg1 38. h3 h4 39. Nc1 Be3 40. Nd3
Kd6 41. f4 Bg1 42. Ne5 Be3 43. Nd3 Bg1 44. Ne1 Be3 45. Nf3 Bf2 46. Ne5 1/2-1/2

[Event "GBR-ch90"]
[Site "Edinburgh"]
[Date "2003.07.29"]
[Round "8.44"]
[White "Kafka, Graeme"]
[Black "Rutherford, Elaine"]
[Result "1/2-1/2"]
[WhiteElo "2170"]
[BlackElo "2061"]
[PlyCount "214"]
[EventDate "2003.07.21"]
[EventType "swiss"]
[EventRounds "11"]
[EventCountry "GBR"]
[SourceTitle "BritBase"]
[Source "John Saunders"]
[SourceDate "2008.07.14"]
[SourceVersion "1"]
[SourceVersionDate "2008.07.14"]
[SourceQuality "2"]

1. e4 d5 2. exd5 Qxd5 3. Nc3 Qa5 4. d4 Nf6 5. Nf3 c6 6. Bc4 Bf5 7. Bd2 e6 8.
Qe2 Bb4 9. O-O-O Nbd7 10. a3 Bxc3 11. Bxc3 Qc7 12. Ne5 {(=)} Nxe5 13. dxe5 Nd5
14. Bxd5 cxd5 15. g4 Bg6 16. f4 Be4 17. Rhf1 g6 18. f5 gxf5 19. gxf5 O-O-O 20.
fxe6 fxe6 21. Qf2 b6 22. Qf7 Bf5 23. Qxc7+ Kxc7 24. Rg1 Rhg8 25. Bd4 Rdf8 26.
Rxg8 Rxg8 27. Rg1 Rxg1+ 28. Bxg1 h5 29. Kd2 h4 30. h3 Bxh3 31. Bf2 Bf5 32. Bxh4
Kc6 33. Bf2 Be4 34. b3 a6 35. c4 dxc4 36. bxc4 b5 37. Kc3 bxc4 38. Kxc4 Bg2 39.
Bc5 Bf1+ 40. Kd4 Bb5 41. Bd6 Ba4 42. Ke3 Kd5 43. Kf4 Kd4 44. Kg5 Kd5 45. Kf6
Bb5 46. Kg7 Kc4 47. Kh8 Kb3 48. Kg8 Kc3 49. Kf8 Kd4 50. Ke7 Kd5 51. Kd8 Kc6 52.
Kc8 Kb6 53. Kd8 Kc6 54. Ke7 Kd5 55. Kf6 Bc4 56. Kg5 a5 57. Kf4 a4 58. Ke3 Bb5
59. Kd2 Kd4 60. Kc2 Bc4 61. Kd2 Bb3 62. Ke2 Kc3 63. Ke3 Kb2 64. Kd3 Ka1 65. Kc3
Kb1 66. Kb4 Bd1 67. Ka5 Kb2 68. Bb4 Bb3 69. Kb5 Kc2 70. Bd6 Kd3 71. Kc5 Ke2 72.
Kd4 Kd2 73. Bb4+ Kc2 74. Bd6 Kb2 75. Kd3 Ka2 76. Kc3 Ka1 77. Bf8 Kb1 78. Bh6
Bd5 79. Be3 Ka2 80. Bc5 Bb3 81. Bf8 Kb1 82. Bh6 Bd1 83. Bg5 Bf3 84. Be3 Bd5 85.
Bc5 Kc1 86. Bb4 Kd1 87. Kb2 Bb3 88. Ka1 Ke2 89. Kb1 Kf1 90. Kc1 Kg1 91. Kd2 Kh1
92. Ke3 Kh2 93. Kf2 Kh3 94. Kg1 Kh4 95. Kf2 Kh5 96. Ke3 Kh6 97. Kd4 Kh7 98. Kc5
Kh8 99. Kd6 Kg8 100. Ke7 Bd5 101. Kf6 Ba2 102. Ke7 Kg7 103. Kd6 Kf7 104. Kd7
Bb3 105. Kd8 Bc4 106. Bd6 Bd5 107. Kd7 Bc6+ 1/2-1/2

[Event "GBR-ch90"]
[Site "Edinburgh"]
[Date "2003.07.29"]
[Round "8.45"]
[White "Walton, Alan J"]
[Black "Walton, Colin"]
[Result "1/2-1/2"]
[WhiteElo "2158"]
[BlackElo "2135"]
[PlyCount "47"]
[EventDate "2003.07.21"]
[EventType "swiss"]
[EventRounds "11"]
[EventCountry "GBR"]
[SourceTitle "BritBase"]
[Source "John Saunders"]
[SourceDate "2008.07.14"]
[SourceVersion "1"]
[SourceVersionDate "2008.07.14"]
[SourceQuality "2"]

1. d4 d5 2. Bg5 h6 3. Bh4 c6 4. e3 Qb6 5. Qc1 Bf5 6. Bd3 Bxd3 7. cxd3 e6 8. Nc3
Nd7 9. Nf3 Ne7 10. Bxe7 Bxe7 11. a3 c5 12. O-O O-O 13. Rb1 Rac8 14. Qd2 Rfd8
15. Rfc1 cxd4 16. Nxd4 Bf6 17. Nf3 d4 18. Ne4 dxe3 19. Nxf6+ Nxf6 20. fxe3 Qb5
21. Rxc8 Rxc8 22. Nd4 Qe5 23. Nf3 Qb5 24. Nd4 1/2-1/2

[Event "GBR-ch90"]
[Site "Edinburgh"]
[Date "2003.07.29"]
[Round "8.47"]
[White "Gilbert, Jessie L"]
[Black "Clarke, Thomas M"]
[Result "0-1"]
[WhiteElo "2109"]
[BlackElo "2128"]
[PlyCount "162"]
[EventDate "2003.07.21"]
[EventType "swiss"]
[EventRounds "11"]
[EventCountry "GBR"]
[SourceTitle "BritBase"]
[Source "John Saunders"]
[SourceDate "2008.07.14"]
[SourceVersion "1"]
[SourceVersionDate "2008.07.14"]
[SourceQuality "2"]

1. d4 f5 2. g3 Nf6 3. Bg2 e6 4. c4 Bb4+ 5. Bd2 a5 6. Nf3 O-O 7. O-O Ne4 8. Qc2
Nc6 9. Nc3 Nxd2 10. Qxd2 Qf6 11. Rad1 d6 12. e3 e5 13. Nd5 Bxd2 14. Nxf6+ Rxf6
15. Rxd2 a4 16. Rc1 a3 17. b3 e4 18. Ne1 Nb4 19. f3 c6 20. d5 Bd7 21. dxc6 bxc6
22. Rcd1 d5 23. cxd5 cxd5 24. fxe4 fxe4 25. Nc2 Nxa2 26. Ra1 Nc3 27. Rxa3 Rc8
28. Ra7 Bb5 29. Nd4 Bd3 30. Bh3 Rb8 31. Rc7 Ra8 32. Rc8+ Rxc8 33. Bxc8 Rf1+ 34.
Kg2 Rf6 35. Bg4 g6 36. Be2 Bxe2 37. Nxe2 Nxe2 38. Rxe2 Rb6 39. Rd2 Rb5 40. Kf2
Kf7 41. Ke2 Ke6 42. Rb2 Kd6 43. Kd2 Rb7 44. Kc3 Rc7+ 45. Kd2 Rf7 46. Ke2 Kc5
47. b4+ Kd6 48. Ra2 Rb7 49. Ra6+ Ke5 50. Ra4 Kf5 51. h3 Ke5 52. g4 Rf7 53. h4
Rb7 54. Kd2 h5 55. Ra6 Rxb4 56. Rxg6 hxg4 57. Rxg4 Rb2+ 58. Kc3 Re2 59. Rg3 Rh2
60. Kb4 Rxh4 61. Rg5+ Ke6 62. Kc5 Rh1 63. Rg6+ Kf5 64. Rd6 Kg4 65. Rxd5 Kf3 66.
Kc4 Rc1+ 67. Kb3 Kxe3 68. Rd8 Ke2 69. Re8 e3 70. Re7 Rc5 71. Re8 Rf5 72. Kc3
Kf2 73. Kd3 Rd5+ 74. Ke4 Rd7 75. Rf8+ Ke2 76. Ra8 Re7+ 77. Kd4 Ke1 78. Kd3 e2
79. Rb8 Kf2 80. Rf8+ Kg3 81. Rg8+ Kf4 0-1

[Event "GBR-ch90"]
[Site "Edinburgh"]
[Date "2003.07.30"]
[Round "9.2"]
[White "Wells, Peter K"]
[Black "Rahman, Ziaur"]
[Result "1/2-1/2"]
[WhiteElo "2481"]
[BlackElo "2521"]
[PlyCount "76"]
[EventDate "2003.07.21"]
[EventType "swiss"]
[EventRounds "11"]
[EventCountry "GBR"]
[SourceTitle "BritBase"]
[Source "John Saunders"]
[SourceDate "2008.07.14"]
[SourceVersion "1"]
[SourceVersionDate "2008.07.14"]
[SourceQuality "2"]

1. d4 e6 2. c4 b6 3. e4 Bb7 4. Bd3 Bb4+ 5. Bd2 Bxd2+ 6. Nxd2 Nh6 7. Ngf3 Nc6 8.
a3 O-O 9. Qc2 f6 10. O-O Ne7 11. b4 Ng6 12. g3 f5 13. exf5 Nxf5 14. Be4 Bxe4
15. Qxe4 Qf6 16. Ne5 Rad8 17. f4 d5 18. cxd5 Rxd5 19. Ndf3 Nxe5 20. dxe5 Qd8
21. g4 Nd4 22. Ng5 g6 23. Kh1 Qe7 24. Rad1 c5 25. h4 Rfd8 26. Kg2 c4 27. h5 Nc6
28. hxg6 h6 29. Nh7 Rxd1 30. Nf6+ Kf8 31. Rxd1 Rxd1 32. Qxc6 Qd8 33. g7+ Kxg7
34. Qb7+ Kf8 35. Nh7+ Kg8 36. Nf6+ Kf8 37. Nh7+ Kg8 38. Nf6+ Kf8 1/2-1/2